Countries NOT At Risk of Demographic Collapse - Statistics

General Stats
  • This quiz has been taken 180 times
  • The average score is 63 of 90
Answer Stats
Continent Fertility Rate Country % Correct
Africa 5.9 Democratic Republic of the Congo
91%
Africa 4.05 Republic of the Congo
91%
Africa 4.47 Tanzania
91%
Africa 5.79 Niger
89%
Africa 4.06 Uganda
89%
Africa / Asia 2.71 Egypt
87%
Asia 2.75 Israel
87%
Africa 4.3 Nigeria
87%
South America 2.5 Bolivia
85%
Africa 5.94 Chad
85%
Asia / Europe 2.95 Kazakhstan
85%
Africa 3.3 Ghana
83%
Asia 2.21 Lebanon
83%
Africa 3.59 Rwanda
83%
Africa 4.19 Sudan
83%
Oceania 3.53 Vanuatu
83%
Asia 4.66 Afghanistan
81%
Africa 2.67 Algeria
81%
Africa 3.54 Gabon
81%
Africa 2.25 Libya
81%
Asia 3.5 Pakistan
81%
Africa 4.07 Togo
81%
Oceania 3.07 Tonga
81%
Africa 3.8 Gambia
79%
Africa 5.42 Mali
79%
Africa 5.91 Somalia
79%
Africa 3.71 South Sudan
79%
Asia 4.41 Yemen
79%
Asia 2.11 Bangladesh
77%
Africa 3.79 Liberia
77%
Oceania 3.14 Tuvalu
77%
Africa 3.61 Eritrea
75%
North America 2.59 Haiti
75%
Asia 3.17 Iraq
75%
Africa 3.12 Kenya
75%
Africa 2.18 Morocco
75%
Oceania 3.75 Samoa
75%
Africa 2.19 South Africa
75%
Africa 3.97 Zambia
75%
Africa 3.62 Zimbabwe
75%
Africa 4.95 Angola
74%
Africa 4.19 Cameroon
74%
Africa 5.81 Central African Republic
74%
Africa 3.76 Comoros
74%
Africa 3.81 Ethiopia
74%
Africa 3.53 Malawi
74%
Asia 2.75 Kyrgyzstan
72%
South America 2.39 Paraguay
72%
Africa 4.42 Benin
70%
Africa 4.68 Burundi
70%
Africa 2.68 Eswatini
70%
Oceania 2.71 Federated States of Micronesia
70%
Oceania 3.09 Kiribati
70%
Africa 4.56 Mauritania
70%
Asia 2.66 Syria
70%
Asia 2.99 Tajikistan
70%
Asia 2.63 Turkmenistan
70%
Asia 3.45 Uzbekistan
70%
Africa 4.04 Guinea
68%
Africa 3.68 Guinea-Bissau
68%
South America 2.37 Guyana
68%
Africa 4.62 Mozambique
68%
Africa 3.17 Namibia
68%
Africa 3.71 Senegal
66%
North America 2.18 Nicaragua
64%
Africa 2.58 Djibouti
62%
South America 2.21 Suriname
62%
Asia 2.57 Jordan
60%
Africa 3.84 Madagascar
60%
Asia 2.48 Oman
60%
Asia 2.29 Saudi Arabia
60%
Africa 4.17 Cote d'Ivoire
58%
Asia 2.36 Laos
58%
Asia 2.58 Mongolia
58%
North America 2.19 Dominican Republic
57%
North America 2.45 Honduras
57%
Africa 2.64 Lesotho
55%
Oceania 3.03 Papua New Guinea
51%
Africa 3.61 Sierra Leone
51%
Asia 2.56 Timor-Leste
51%
Oceania 2.82 Marshall Islands
47%
Africa 4 Burkina Faso
45%
Africa 2.66 Botswana
43%
Asia 2.51 Cambodia
43%
Oceania 2.25 Fiji
43%
Oceania 3.25 Nauru
43%
Oceania 3.47 Solomon Islands
43%
Africa 4.04 Equatorial Guinea
42%
North America 2.26 Guatemala
42%
Africa 3.53 São Tomé and Príncipe
38%
No matching quizzes found
Score Distribution
Percent of People with Each Score
Percentile by Number Answered
Your Score History
You have not taken this quiz